|
|
|
|
| LEADER |
00813nab a2200217 i 4500 |
| 001 |
misc62576 |
| 005 |
20220919091945.0 |
| 008 |
220324s1911 hu o 0|| rus d |
| 040 |
|
|
|a SZTE Miscellanea Repozitórium
|b hun
|
| 041 |
|
|
|a rus
|
| 100 |
1 |
|
|a Gordlevskij Vladimir Aleksandrovič
|
| 245 |
1 |
0 |
|a Tolstov v Turcii
|h [elektronikus dokumentum] :
|b bibliografičeskaâ zametka /
|c Gordlevskij Vladimir Aleksandrovič
|
| 260 |
|
|
|c 1911
|
| 300 |
|
|
|a 3 p.
|c 26 cm
|
| 490 |
0 |
|
|a Izvestiâ Obŝestva Tolstovskogo Muzeâ
|
| 561 |
|
|
|a Németh Gyula hagyaték
|
| 591 |
|
|
|a NOA 1987
|
| 650 |
|
4 |
|a Bölcsészettudományok
|
| 650 |
|
4 |
|a Nyelvek és irodalom
|
| 695 |
|
|
|a Orosz irodalom története - 19. sz., Lev Nyikolajevics Tolsztoj
|
| 856 |
4 |
0 |
|u http://misc.bibl.u-szeged.hu/62576/1/1987_noa_g52.pdf
|z Dokumentum-elérés
|